000 00384nam a22001577a 4500
003 SGT
020 _a 978-9385999468
082 _a612
_bE16S
100 _a SEMBULINGAM K
245 _aEssentials Of Physiology For Dental Students
250 _a2ND
260 _aNEW DELHI
_b Jaypee Brothers Medical Publishers
_c2016
300 _a770
650 _aPhysiology
942 _2ddc
_cBK
_07
999 _c16122
_d16122